Statistics for Top 30 2K Ratings 2024

Click here to take the quiz!

General Stats

  • This quiz has been taken 94 times
  • The average score is 21 of 30

Answer Stats

#AnswerRating% Correct
3LeBron James96
100%
6Stephen Curry96
96%
2Giannis Antetokounmpo96
95%
5Kevin Durant96
92%
7Luka Doncic95
92%
1Nikola Jokic98
92%
4Joel Embiid96
88%
11Devin Booker94
82%
8Jayson Tatum95
79%
13Anthony Davis93
78%
10Kawhi Leonard94
78%
9Jimmy Butler95
74%
21Paul George89
73%
20James Harden89
71%
15Ja Morant92
71%
18Kyrie Irving90
71%
12Damian Lillard94
66%
16Donovan Mitchell92
66%
22Jaylen Brown89
65%
19Trae Young89
64%
23Anthony Edwards88
62%
14Shai Gilgeous-Alexander93
61%
26De'Aaron Fox88
53%
27Tyrese Haliburton88
53%
24Jamal Murray88
49%
30Domantas Sabonis87
48%
17Zion Williamson90
48%
28Bam Adebayo87
45%
25Jalen Brunson88
43%
29Jrue Holiday87
31%

Score Distribution

Percentile by Number Answered

Percent of People with Each Score

Your Score History

You have not taken this quiz